| 000 | 00838nam a2200265 i 4500 | ||
|---|---|---|---|
| 001 | 000031369 | ||
| 003 | DO-SdBNP | ||
| 005 | 20241112101836.0 | ||
| 007 | ta | ||
| 008 | 110620s1935 dr c 000 | spa d | ||
| 040 |
_aDO-SdBNP _bspa _cBNPHU _erda |
||
| 049 | _aspa | ||
| 082 |
_axxx _bP349c _222 |
||
| 100 | 1 |
_aPeña Rincón, Ismael de _eautor _957798 |
|
| 245 | 1 | 0 |
_aCotuí : _blo que fué, lo que es y lo que puede ofrecer / _cIsmael de Peña Rincón. |
| 264 |
_aSantiago, República Dominicana : _bImprenta la Información, _c1935. |
||
| 300 |
_a42 páginas : _bretratos. ; _c23 cm. |
||
| 336 |
_ardacontent _btexto _2txt |
||
| 337 |
_ardamedia _bsin mediación _2n |
||
| 338 |
_ardacarrier _bvolumen _2nc |
||
| 500 | _aIncluye notas al pie de las páginas. | ||
| 590 | _aInventariado, 2024/DG | ||
| 910 | _aDG | ||
| 942 |
_2ddc _cLBS1 |
||
| 999 |
_c30861 _d30861 |
||